[Event "Locri op 1st"]
[Site "Locri"]
[Date "2007.11.01"]
[Round "1"]
[White "Zavaglia, Giuseppe"]
[Black "Laketic, Gojko"]
[Result "0-1"]
[WhiteElo "1904"]
[BlackElo "2433"]
[PlyCount "56"]
[EventDate "2007.11.01"]
[EventType "swiss"]
[EventRounds "7"]
[EventCountry "ITA"]
[SourceTitle "EXT 2010"]
[Source "ChessBase"]
[SourceDate "2010.11.25"]
[SourceVersion "1"]
[SourceVersionDate "2010.11.25"]
[SourceQuality "1"]

1. e4 Nf6 2. Nc3 e5 3. Nf3 d6 4. d4 Nbd7 5. dxe5 dxe5 6. Bc4 Bb4 7. 0-0 Bxc3 8. bxc3 0-0 9. Ba3 c5 10. Re1 Qa5 11. Bb2 Nb6 12. Nxe5 Nxc4 13. Nxc4 Qb5 14. Qe2 Be6 15. Na3 Qxb2 16. Nc4 Qxc3 17. Nd6 b6 18. a4 Rad8 19. Nb5 Qe5 20. Nxa7 Ng4 21. g3 Qh5 22. h4 g5 23. f3 Ne5 24. Kg2 Nxf3 25. Rad1 Nxe1+ 26. Rxe1 Qxe2+ 27. Rxe2 gxh4 28. gxh4 Bd7 0-1

[Event "Crotone Province-ch 07"]
[Site "Cutro"]
[Date "2006.12.08"]
[Round "3"]
[White "Zavaglia, Giuseppe"]
[Black "Rametta, Marcello"]
[Result "1-0"]
[WhiteElo "1886"]
[BlackElo "1780"]
[PlyCount "77"]
[EventDate "2006.12.07"]
[EventType "swiss"]
[EventRounds "7"]
[EventCountry "ITA"]
[SourceTitle "EXT 2024"]
[Source "ChessBase"]
[SourceDate "2023.10.10"]
[SourceVersion "1"]
[SourceVersionDate "2023.10.10"]
[SourceQuality "1"]

1. e4 c5 2. Nf3 Nc6 3. d4 cxd4 4. Nxd4 Nxd4 5. Qxd4 e6 6. Nc3 a6 7. Be2 b5 8. a3 Bb7 9. 0-0 Nf6 10. Be3 Be7 11. Bf3 0-0 12. Rfd1 d6 13. a4 bxa4 14. Nxa4 Rc8 15. c3 e5 16. Qd3 Rc6 17. c4 Qc8 18. b3 Qe6 19. h3 Bd8 20. Nc3 Bb6 21. Nd5 Bxe3 22. Qxe3 Rc5 23. Rdc1 Nxd5 24. cxd5 Rxc1+ 25. Rxc1 Qd7 26. Qb6 Rc8 27. Rxc8+ Qxc8 28. Qxd6 f6 29. Kh2 Kf7 30. Bg4 Qa8 31. Qe6+ Kg6 32. Qf5+ Kf7 33. Qxh7 Qf8 34. Bh5+ Ke7 35. Bg4 Kd6 36. Qf5 Kc5 37. Qd7 Kb6 38. d6 Qb8 39. Qe7 1-0

[Event "Calabria Province-ch"]
[Site "Catanzaro"]
[Date "2006.06.04"]
[Round "6"]
[White "Calomeni, Gianpaolo"]
[Black "Zavaglia, Giuseppe"]
[Result "0-1"]
[WhiteElo "1440"]
[BlackElo "1808"]
[PlyCount "48"]
[EventDate "2006.06.02"]
[EventType "swiss"]
[EventRounds "6"]
[EventCountry "ITA"]
[SourceTitle "EXT 2024"]
[Source "ChessBase"]
[SourceDate "2023.10.10"]
[SourceVersion "1"]
[SourceVersionDate "2023.10.10"]
[SourceQuality "1"]

1. e4 c5 2. Nc3 d6 3. Bc4 e6 4. Nf3 Nf6 5. d3 Be7 6. Bg5 a6 7. 0-0 Qc7 8. Re1 Nbd7 9. Qd2 0-0 10. Bb3 Rd8 11. d4 c4 12. e5 dxe5 13. dxe5 Nxe5 14. Qe2 Nxf3+ 15. Qxf3 cxb3 16. axb3 Bd7 17. Bxf6 Bxf6 18. Rad1 Bc6 19. Rxd8+ Rxd8 20. Qh3 Qf4 21. Ne2 Qd2 22. Kf1 h6 23. Qg4 h5 24. Qxh5 Bxg2+ 0-1

[Event "Cutro op-B 12th"]
[Site "Cutro"]
[Date "2006.04.25"]
[Round "3"]
[White "Zavaglia, Giuseppe"]
[Black "Ielapi, Vito"]
[Result "1/2-1/2"]
[WhiteElo "1808"]
[BlackElo "1953"]
[PlyCount "81"]
[EventDate "2006.04.23"]
[EventType "swiss"]
[EventRounds "9"]
[EventCountry "ITA"]
[SourceTitle "EXT 2007"]
[Source "ChessBase"]
[SourceDate "2006.11.23"]
[SourceVersion "1"]
[SourceVersionDate "2006.11.23"]
[SourceQuality "1"]

1. d4 d5 2. Nf3 Nf6 3. Bg5 e6 4. Nbd2 Be7 5. e3 Nbd7 6. Bd3 h6 7. Bxf6 Nxf6 8. c3 b6 9. Ne5 Bd7 10. Nxd7 Qxd7 11. Qe2 0-0 12. 0-0 c5 13. Rfe1 Rad8 14. Rac1 c4 15. Bc2 b5 16. a3 Rfe8 17. e4 dxe4 18. Nxe4 Qc7 19. Rcd1 g6 20. Qf3 Kg7 21. Nxf6 Bxf6 22. g3 h5 23. h4 a5 24. Kg2 Qd6 25. Qe4 Re7 26. f4 b4 27. axb4 axb4 28. Qe2 b3 29. Be4 Rc7 30. Qd2 e5 31. fxe5 Bxe5 32. Qf2 Bf6 33. Bf3 Rcd7 34. Be2 Re8 35. Bf3 Rxe1 36. Rxe1 Ra7 37. Re2 Ra5 38. Re4 Rf5 39. Qe3 Bd8 40. Re5 Bc7 41. Bd5 1/2-1/2

[Event "Crotone Province-ch"]
[Site "Cutro"]
[Date "2006.02.05"]
[Round "5"]
[White "Di Mauro, Sebastiano"]
[Black "Zavaglia, Giuseppe"]
[Result "1-0"]
[WhiteElo "1775"]
[BlackElo "1787"]
[PlyCount "127"]
[EventDate "2006.02.03"]
[EventType "swiss"]
[EventRounds "5"]
[EventCountry "ITA"]
[SourceTitle "EXT 2024"]
[Source "ChessBase"]
[SourceDate "2023.10.10"]
[SourceVersion "1"]
[SourceVersionDate "2023.10.10"]
[SourceQuality "1"]

1. e4 c5 2. Nc3 d6 3. g3 Nf6 4. Bg2 g6 5. d3 Bg7 6. f4 Nc6 7. Nf3 0-0 8. 0-0 Bg4 9. h3 Bxf3 10. Qxf3 Nd4 11. Qf2 e6 12. Be3 Nd7 13. Nd1 Rb8 14. c3 Nc6 15. g4 Qc7 16. Qg3 b5 17. h4 b4 18. g5 f5 19. h5 Rfe8 20. exf5 gxf5 21. h6 Bf8 22. Bf3 Ne7 23. Bh5 Ng6 24. Bxg6 hxg6 25. Rf2 e5 26. Rc2 Qa5 27. cxb4 Qxb4 28. Nc3 exf4 29. Qxf4 Qxf4 30. Bxf4 Ne5 31. Rd1 Be7 32. Nd5 Kf7 33. Bxe5 dxe5 34. Nxe7 Rxe7 35. Rxc5 Rxb2 36. Rc6 Rb6 37. Rdc1 e4 38. dxe4 Rxc6 39. Rxc6 Rxe4 40. Rf6+ Kg8 41. Rxg6+ Kh7 42. Rg7+ Kh8 43. Rxa7 Rg4+ 44. Kf2 Rxg5 45. Kf3 Rg4 46. a4 Rh4 47. h7 Rg4 48. a5 Ra4 49. a6 f4 50. Kg4 f3+ 51. Kxf3 Ra3+ 52. Ke4 Ra4+ 53. Kd5 Ra1 54. Kc6 Ra2 55. Kb7 Kxh7 56. Ra8 Rb2+ 57. Ka7 Kg6 58. Rb8 Ra2 59. Rb6+ Kf5 60. Kb7 Re2 61. a7 Re7+ 62. Ka6 Re2 63. a8Q Ra2+ 64. Kb7 1-0

[Event "Crotone Province-ch"]
[Site "Cutro"]
[Date "2006.02.03"]
[Round "1"]
[White "Zavaglia, Giuseppe"]
[Black "Paragliola, Gennaro"]
[Result "1-0"]
[WhiteElo "1787"]
[BlackElo "1544"]
[PlyCount "115"]
[EventDate "2006.02.03"]
[EventType "swiss"]
[EventRounds "5"]
[EventCountry "ITA"]
[SourceTitle "EXT 2024"]
[Source "ChessBase"]
[SourceDate "2023.10.10"]
[SourceVersion "1"]
[SourceVersionDate "2023.10.10"]
[SourceQuality "1"]

1. Nf3 Nf6 2. c4 b6 3. g3 Bb7 4. Bg2 e6 5. 0-0 g6 6. Nc3 Bg7 7. d4 0-0 8. Qc2 Nc6 9. a3 Ne7 10. Bf4 d5 11. Ne5 Rb8 12. Rfd1 Nh5 13. Bc1 dxc4 14. Bxb7 Rxb7 15. g4 Nf6 16. e4 c6 17. Bf4 Qc8 18. Rac1 b5 19. b3 cxb3 20. Qxb3 Rd8 21. Qb4 Qa8 22. Qa5 Nd7 23. Ne2 Rb6 24. Nd3 Qb7 25. Nc5 Qc8 26. Qxa7 Nxc5 27. Qxb6 Nxe4 28. f3 Nf6 29. Qc5 Qd7 30. Be5 Nfd5 31. Bxg7 Kxg7 32. Kf2 Qc7 33. Ng3 Qf4 34. Nf1 h5 35. Qc2 hxg4 36. Qe4 Qxe4 37. fxe4 Nf6 38. Ke3 Ra8 39. Rd3 Nh5 40. Ng3 f5 41. Nxh5+ gxh5 42. Kf4 fxe4 43. Kxe4 Rc8 44. Ke5 Kf7 45. Rf1+ Nf5 46. Rc1 Ke7 47. d5 Ng7 48. dxc6 Rc7 49. Rb3 h4 50. Rxb5 g3 51. hxg3 hxg3 52. Rbc5 Nf5 53. Rg1 Ra7 54. c7 Rxa3 55. c8Q Re3+ 56. Kf4 Re2 57. Rc7+ Kf6 58. Qf8+ 1-0

[Event "Cutro weekend op 3rd"]
[Site "Cutro"]
[Date "2005.06.25"]
[Round "4"]
[White "Zavaglia, Giuseppe"]
[Black "Levato, Biagio"]
[Result "0-1"]
[WhiteElo "1730"]
[BlackElo "1531"]
[PlyCount "110"]
[EventDate "2005.06.18"]
[EventType "swiss"]
[EventRounds "6"]
[EventCountry "ITA"]
[SourceTitle "EXT 2007"]
[Source "ChessBase"]
[SourceDate "2006.11.23"]
[SourceVersion "1"]
[SourceVersionDate "2006.11.23"]
[SourceQuality "1"]

1. e4 c5 2. Nf3 Nc6 3. d4 cxd4 4. Nxd4 e6 5. Nb5 d6 6. Bf4 e5 7. Be3 Nf6 8. Bg5 a6 9. Bxf6 Qa5+ 10. N1c3 gxf6 11. Nxd6+ Bxd6 12. Qxd6 Be6 13. Qd2 Rd8 14. Nd5 Qxd2+ 15. Kxd2 f5 16. Ke3 f4+ 17. Kd2 Bxd5 18. exd5 Rxd5+ 19. Ke1 Nb4 20. Rc1 0-0 21. Bc4 Rc5 22. Bb3 Nc6 23. c3 Na5 24. Ke2 Nxb3 25. axb3 Rd8 26. Rhd1 Rcd5 27. f3 f5 28. g3 Rxd1 29. Rxd1 Rxd1 30. Kxd1 fxg3 31. hxg3 h5 32. Ke2 Kg7 33. Ke3 Kg6 34. b4 h4 35. gxh4 Kh5 36. c4 Kxh4 37. f4 e4 38. Kd4 Kh5 39. b5 axb5 40. cxb5 b6 41. Kd5 Kg4 42. Kc6 e3 43. Kxb6 e2 44. Ka7 e1Q 45. b6 Qa5+ 46. Kb7 Kxf4 47. Kc6 Ke5 48. b7 Qd8 49. b4 f4 50. b5 f3 51. b6 f2 52. b8Q+ Qxb8 53. b7 Qd6+ 54. Kb5 f1Q+ 55. Ka5 Qfa6# 0-1

[Event "Cutro op-B 11th"]
[Site "Cutro"]
[Date "2005.04.28"]
[Round "5"]
[White "Zavaglia, Giuseppe"]
[Black "Olivo, Paolo"]
[Result "1-0"]
[WhiteElo "1730"]
[BlackElo "1700"]
[PlyCount "53"]
[EventDate "2005.04.23"]
[EventType "swiss"]
[EventRounds "5"]
[EventCountry "ITA"]
[SourceTitle "CBM 106 Extra"]
[Source "ChessBase"]
[SourceDate "2005.07.01"]
[SourceVersion "1"]
[SourceVersionDate "2005.07.01"]
[SourceQuality "1"]

1. e4 e5 2. Nf3 Nc6 3. Bc4 Bc5 4. c3 d6 5. d3 Bg4 6. b4 Bb6 7. a4 a6 8. 0-0 Nf6 9. Re1 0-0 10. Nbd2 d5 11. exd5 Nxd5 12. Qb3 Nf4 13. Ba3 Qd7 14. Qc2 Nh3+ 15. gxh3 Bxh3 16. Kh1 Bxf2 17. Re2 Bb6 18. Ne4 Qg4 19. Nfg5 Ne7 20. Nxh3 Qxh3 21. Rg2 Nf5 22. Qe2 Qh6 23. Rf1 Ne3 24. Bc1 Qh3 25. Bxe3 Qxe3 26. Qh5 h6 27. Qg6 1-0

[Event "Cutro op-B 10th"]
[Site "Cutro"]
[Date "2004.05.01"]
[Round "7"]
[White "Zavaglia, Giuseppe"]
[Black "Russo, Carmelo"]
[Result "1-0"]
[WhiteElo "1700"]
[BlackElo "1836"]
[PlyCount "95"]
[EventDate "2004.04.25"]
[EventType "swiss"]
[EventRounds "7"]
[EventCountry "ITA"]
[SourceTitle "EXT 2023"]
[Source "ChessBase"]
[SourceDate "2022.10.05"]
[SourceVersion "1"]
[SourceVersionDate "2022.10.05"]
[SourceQuality "1"]

1. e4 c5 2. Nf3 d6 3. d4 Nf6 4. Nc3 cxd4 5. Nxd4 g6 6. f3 Bg7 7. Be3 0-0 8. Qd2 Nc6 9. 0-0-0 Nxd4 10. Bxd4 Be6 11. h4 Qa5 12. Kb1 h5 13. Be2 b5 14. Nd5 Qd8 15. Bxb5 Nxd5 16. exd5 Bf5 17. Bxg7 Kxg7 18. g4 Qb6 19. Qd4+ Qxd4 20. Rxd4 Rab8 21. a4 Bc8 22. Re1 a6 23. Bc6 e5 24. dxe6 Bxe6 25. gxh5 Rb6 26. Bd5 Rfb8 27. b3 Bf5 28. Be4 Re8 29. Rg1 Bxe4 30. fxe4 a5 31. hxg6 fxg6 32. h5 Re6 33. hxg6 Rxg6 34. Rxg6+ Kxg6 35. Rd5 Ra6 36. e5 dxe5 37. Rxe5 Kf6 38. Re1 Re6 39. Rxe6+ Kxe6 40. c3 Kd5 41. Kc2 Kc6 42. Kd3 Kc5 43. Ke4 Kd6 44. Kd4 Kc6 45. Kc4 Kb6 46. Kd5 Kb7 47. Kc5 Ka6 48. Kc6 1-0